<Die> Verkaufsförderung ist tot. Es lebe die neue verkaufsförderung.

Podpora predaja ako nástroj marketingu, jej historický vývoj. Komunikácia medzi predávajúcimi a kupujúcimi. Budovanie vzťahov so zákazníkmi. Presun ťažiska pozornosti na nákup a kupujúceho. Reklama a podpora predaja.

Salvato in:
Dettagli Bibliografici
Autore principale: Disch, W.K.A
Natura: Capitolo di libro
Lingua:tedesco
Soggetti:
Tags: Aggiungi Tag
Nessun Tag, puoi essere il primo ad aggiungerne!!

MARC

LEADER 00000naa a2200000 4500
001 r009770
005 20221208122902.5
041 0 |a ger 
044 |a DE 
245 1 0 |a <Die> Verkaufsförderung ist tot.  |b Es lebe die neue verkaufsförderung.  |c W.K.A. Disch 
520 |a Podpora predaja ako nástroj marketingu, jej historický vývoj. Komunikácia medzi predávajúcimi a kupujúcimi. Budovanie vzťahov so zákazníkmi. Presun ťažiska pozornosti na nákup a kupujúceho. Reklama a podpora predaja. 
610 2 0 |a predaj 
610 2 0 |a marketing 
610 2 0 |a zákazníci 
610 2 0 |a reklama 
610 2 0 |a nákup 
100 1 |a Disch, W.K.A.